Hearing the movies : (Record no. 2342)

MARC details
000 -LEADER
fixed length control field 00887nam a2200253 a 4500
003 - CONTROL NUMBER IDENTIFIER
control field BD-DhJNU
005 - DATE AND TIME OF LATEST TRANSACTION
control field 20251104065630.0
008 - FIXED-LENGTH DATA ELEMENTS--GENERAL INFORMATION
fixed length control field 081121s2010 nyuag b 001 0 eng
020 ## - INTERNATIONAL STANDARD BOOK NUMBER
International Standard Book Number 9780195327793
Qualifying information pbk.
020 ## - INTERNATIONAL STANDARD BOOK NUMBER
International Standard Book Number 0195327799
Qualifying information pbk.
035 ## - SYSTEM CONTROL NUMBER
System control number (OCoLC)276515073
040 ## - CATALOGING SOURCE
Original cataloging agency BD-DhJNU
Language of cataloging ENG
Transcribing agency BD-DhJNU
Modifying agency BD-DhJNU
082 00 - DEWEY DECIMAL CLASSIFICATION NUMBER
Classification number 781.542 BUH
Edition number 23
100 1# - MAIN ENTRY--PERSONAL NAME
Personal name Buhler, James
245 10 - TITLE STATEMENT
Title Hearing the movies :
Remainder of title music and sound in film history /
Statement of responsibility, etc. James Buhler, David Neumeyer and Rob Deemer
260 ## - PUBLICATION, DISTRIBUTION, ETC.
Place of publication, distribution, etc. New York :
Name of publisher, distributor, etc. Oxford University Press,
Date of publication, distribution, etc. 2010.
300 ## - PHYSICAL DESCRIPTION
Extent xxiii, 470 p. :
Other physical details ill., music ;
Dimensions 24 cm.
504 ## - BIBLIOGRAPHY, ETC. NOTE
Bibliography, etc. note Includes bibliographical references (p. 437-445) and index.
650 #0 - SUBJECT ADDED ENTRY--TOPICAL TERM
Topical term or geographic name entry element Motion picture music
General subdivision History and criticism.
650 #0 - SUBJECT ADDED ENTRY--TOPICAL TERM
Topical term or geographic name entry element Film soundtracks
General subdivision Production and direction
-- History.
700 1# - ADDED ENTRY--PERSONAL NAME
Personal name Neumeyer, David
700 1# - ADDED ENTRY--PERSONAL NAME
Personal name Deemer, Rob
942 ## - ADDED ENTRY ELEMENTS (KOHA)
Koha item type Books
Holdings
Withdrawn status Lost status Source of classification or shelving scheme Damaged status Not for loan Collection Home library Current library Shelving location Date acquired Source of acquisition Total checkouts Full call number Barcode Date last seen Copy number Price effective from Koha item type
    Dewey Decimal Classification     Non-fiction Jagannath University Central Library Jagannath University Central Library General stacks 11/04/2025 Purchased   781.542 BUH JNUCL36003 11/04/2025 1 11/04/2025 Books
    Dewey Decimal Classification     Non-fiction Jagannath University Central Library Jagannath University Central Library General stacks 11/04/2025 Purchased   781.542 BUH JNUCL36004 11/04/2025 2 11/04/2025 Books